Online Public Access Catalog -OPAC

DAVIDSON'S principles and practice of medicine : a textbook for students and doctors. (Record no. 488)

MARC details
000 -LEADER
fixed length control field 00373nam a2200109Ia 4500
008 - FIXED-LENGTH DATA ELEMENTS--GENERAL INFORMATION
fixed length control field 180412s9999||||xx |||||||||||||| ||und||
020 ## - INTERNATIONAL STANDARD BOOK NUMBER
International Standard Book Number 443013800
040 ## - CATALOGING SOURCE
Original cataloging agency Ahmadu Bello University Library - Zaria
245 #0 - TITLE STATEMENT
Title DAVIDSON'S principles and practice of medicine : a textbook for students and doctors.
250 ## - EDITION STATEMENT
Edition statement \\
-- 11th ed.
260 ## - PUBLICATION, DISTRIBUTION, ETC.
Place of publication, distribution, etc. Edinburgh
Name of publisher, distributor, etc. Livingstone
Date of publication, distribution, etc. 1974
300 ## - PHYSICAL DESCRIPTION
Extent xxiv, 147p., illus.

No items available.

Customized by ICT Technical Service Unit on 29th Dec 2022

Kashim Ibrahim Library